Managing financial resources (Record no. 9761)

MARC details
000 -LEADER
fixed length control field 01262nam a22001577a 4500
005 - DATE AND TIME OF LATEST TRANSACTION
control field 20230620113733.0
008 - FIXED-LENGTH DATA ELEMENTS--GENERAL INFORMATION
fixed length control field 230620b ||||| |||| 00| 0 eng d
020 ## - INTERNATIONAL STANDARD BOOK NUMBER
International Standard Book Number 2920301041415
050 ## - LIBRARY OF CONGRESS CALL NUMBER
Classification number HF5657.4.H365
100 ## - MAIN ENTRY--PERSONAL NAME
9 (RLIN) Hatch, Jim
245 ## - TITLE STATEMENT
Title Managing financial resources
Statement of responsibility, etc. Jim Hatch
260 ## - PUBLICATION, DISTRIBUTION, ETC.
Place of publication, distribution, etc. London:
Name of publisher, distributor, etc. Ivey,
Date of publication, distribution, etc. 2015
300 ## - PHYSICAL DESCRIPTION
Extent various pages:
Other physical details ill.;
Dimensions 29cm
505 ## - FORMATTED CONTENTS NOTE
Formatted contents note Contents: The royal manufacturing Inc. -- NCB office products Inc. -- Sophisticated petits-- George Haddad Menswear limited -- Valuing Wal-Mart-2010 -- Boarders hotel corp. -- Granite Apparel: funding an expansion -- Rocky mountain high ski resort--Blaine kitchenware, Inc.: capital structure -- Anheuser - Busch and Campbell Taggart -- Champion road machinery -- Telus: the coast of capital -- Teletech corporation, 2005 -- Hongxing auto sales and service Co. -- Industrial accessories Ltd. -- Pinkerton (A) -- MFR Segment course outline--Note on legal aspects of secured lending in Canada --Introductory class comments-- Collateral security and bankruptcy -- Debt market and interest rates -- Note on sustainable growth in dividends -- Note on blended payments -- Note on calculation of burden coverage -- Risk and CAPM -- WACC lecture -- Valuation methods --
942 ## - ADDED ENTRY ELEMENTS (KOHA)
Source of classification or shelving scheme Library of Congress Classification
Koha item type Books
Holdings
Withdrawn status Lost status Source of classification or shelving scheme Damaged status Not for loan Collection code Home library Current library Shelving location Date acquired Total Checkouts Full call number Barcode Date last seen Copy number Price effective from Koha item type
    Library of Congress Classification     Non-fiction WISCONSIN INTERNATIONAL UNIVERSITY COLLEGE, GHANA - MAIN LIBRARY WISCONSIN INTERNATIONAL UNIVERSITY COLLEGE, GHANA - MAIN LIBRARY General Stacks 20/06/2023   HF5657.4.H365 9605/306/23 20/06/2023 1 20/06/2023 Books

If you have any concerns or questions; kindly contact the library


© Powered by WIUC ICT DIRECTORATE